00471nam a2200181Ia 4500003000400000005001700004008004100021020001400062040000700076041000800083082002000091100002500111245007700136250000600213260004100219300001600260365001300276OSt20230503160235.0210423s2010 xx 000 0 und d a230639976 cAL aeng a530.41 SAXA223 aSAXENA (Ajay Kumar). aSolid state physics: an introduction to solid state elelctronic devices. a2 aNew DelhibMacmillan India Ltdc2010 axii,452bPB b300cINR